Más historias de Antoñita la fantástica / (Record no. 179871)

MARC details
000 -LEADER
campo de control de longitud fija 00940nam a2200253 i 4500
001 - NÚMERO DE CONTROL
campo de control 179871
003 - IDENTIFICADOR DE NÚMERO DE CONTROL
campo de control ES-MaACL
005 - FECHA Y HORA DE LA ÚLTIMA TRANSACCIÓN
campo de control 20251213063021.0
008 - DATOS DE LONGITUD FIJA--INFORMACIÓN GENERAL
campo de control de longitud fija 120215r20071953sp a |||| | spa d
020 ## - NÚMERO INTERNACIONAL ESTÁNDAR DEL LIBRO
Número Internacional Estándar del Libro 978-84-487-2331-6
080 ## - NÚMERO DE LA CLASIFICACIÓN DECIMAL UNIVERSAL
Número de la Clasificación Decimal Universal 087.5:82
100 1# - ENTRADA PRINCIPAL--NOMBRE DE PERSONA
Nombre de persona Casas, Borita,
Fechas asociadas al nombre 1911-1999
9 (RLIN) 149374
245 10 - MENCIÓN DEL TÍTULO
Título Más historias de Antoñita la fantástica /
Mención de responsabilidad, etc. por Borita Casas ; dibujos de Zaragüeta.
260 ## - PUBLICACIÓN, DISTRIBUCIÓN, ETC.
Lugar de publicación, distribución, etc. [Barcelona] :
Nombre del editor, distribuidor, etc. Altaya,
Fecha de publicación, distribución, etc. [2007]
300 ## - DESCRIPCIÓN FÍSICA
Extensión 186 p. :
Otras características físicas il. ;
Dimensiones 23 cm.
490 1# - MENCIÓN DE SERIE
Mención de serie Las lecturas de cuando éramos niñas
534 ## - NOTA SOBRE LA VERSIÓN ORIGINAL
Frase introductoria Reproducción de la ed. de:
Publicación, distribución, etc. del original Madrid : Gilsa, 1953.
700 1# - ENTRADA AGREGADA--NOMBRE PERSONAL
Nombre de persona Zaragüeta, Mariano.
9 (RLIN) 149375
830 0# - PUNTO DE ACCESO ADICIONAL DE SERIE-TÍTULO UNIFORME
Título uniforme Las lecturas de cuando éramos niñas
9 (RLIN) 191396
852 ## - LOCALIZACIÓN
Ubicación ES-MaACL
itemnumber 186772
Sublocalización o colección R.148407
Número de control de estantería A-11971
Signatura antigua Olim: N-4976
Nota libre Donación: Pilar Fernández Vera
Ubicación en estantería Depósito 1
903 ## - NOMBRE PERSONAL DE DONANTE
a Fernández Vera, Pilar,
d 1961-
e Donante
9 49420
942 ## - ELEMENTOS DE ENTRADA SECUNDARIOS (KOHA)
Fuente del sistema de clasificación o colocación Clasificación decimal universal
Holdings
Estatus retirado Estado de pérdida Fuente del sistema de clasificación o colocación Estado de daño No para préstamo Biblioteca de origen Biblioteca actual Ubicación en estantería Fecha de adquisición Fuente de adquisición Total de préstamos Signatura topográfica completa Código de barras Visto por última vez Precio de reemplazo Tipo de ítem Koha
    Clasificación decimal universal     Biblioteca del Ateneo de Madrid Biblioteca del Ateneo de Madrid Depósito 1 15/02/2012 Donación   A-11971 1188965 23/02/2023 23/02/2023 Libro impreso